Statistics for Biggest cities by river in Luxembourg

Click here to take the quiz!

General Stats

  • This quiz has been taken 9 times
  • The average score is 7 of 10

Answer Stats

PopulationTowns% Correct
130.281Luxembourg
100%
5.852Echternach
83%
7.200Diekirch
67%
36.325Esch-sur-Alzette
67%
7.983Ettelbrück
67%
5.103Grevenmacher
67%
3.921Remich
67%
3.303Wasserbillig
67%
2.191Vianden
50%
11.280Schifflange
33%

Score Distribution

Percentile by Number Answered

Percent of People with Each Score

Your Score History

You have not taken this quiz